[Event "ch-TUR 2012"]
[Site "Kemer TUR"]
[Date "2012.02.03"]
[Round "8"]
[White "Ererdem,G"]
[Black "Korkmaz,N"]
[Result "0-1"]
[WhiteElo "1966"]
[BlackElo "2164"]

1.Nf3 d5 2.d4 Nf6 3.c4 c6 4.Nc3 dxc4 5.a4 Bf5 6.Ne5 Nbd7 7.Nxc4 e6 8.Bf4 Nb6
9.e3 Nbd5 10.Be5 Bb4 11.Qb3 O-O 12.Bxf6 Qxf6 13.Be2 c5 14.O-O cxd4 15.Nxd5 exd5
16.Qxb4 d3 17.Bf3 dxc4 18.Qxc4 d2 19.Rfd1 Rfd8 20.e4 Be6 21.Qb4 Qd4 22.Qxd4 Rxd4
23.Ra3 Rad8 24.Kf1 Rb4 25.Rc3 Rxb2 26.Ke2 Bb3  0-1

[Event "ch-TUR 2012"]
[Site "Kemer TUR"]
[Date "2012.02.04"]
[Round "9"]
[White "Can,E"]
[Black "Firat,B"]
[Result "1/2-1/2"]
[WhiteElo "2462"]
[BlackElo "2396"]

1.Nf3 Nf6 2.c4 c6 3.d4 d5 4.Nc3 dxc4 5.a4 Bf5 6.Ne5 e6 7.f3 c5 8.e4 Bg6 9.Be3 cxd4
10.Qxd4 Qxd4 11.Bxd4 Nfd7 12.Nxd7 Nxd7 13.Bxc4 a6 14.Rc1 Rg8 15.h4 h6 16.Kf2 Bd6
17.Ba2 Ke7 18.h5 Bh7 19.Ne2 Ne5 20.Rhd1 Rgc8 21.Bc3 f6 22.Rxd6 Kxd6 23.Bb4+ Kd7
24.Rd1+ Ke8 25.Bxe6 Rd8 26.Rxd8+ Rxd8 27.Ba3 b5 28.axb5 Nd3+ 29.Ke3 axb5
30.b4 Ne1 31.Bb2 Nxg2+ 32.Kf2 Nf4 33.Nxf4 Rd2+ 34.Ke3 Rxb2 35.Nd5 Kf8 36.Kd4 Bg8
37.Bxg8 Kxg8 38.Kc5 Kf7 39.Kxb5 Ke6 40.Kc6 Rc2+ 41.Kb7 f5 42.b5 fxe4 43.fxe4 Ke5
44.b6 Kxe4 45.Nc7 Kf5 46.Ka6 Ra2+ 47.Kb5 Kg4 48.b7 Rb2+ 49.Kc6 Rxb7 50.Kxb7 Kxh5
51.Kc6 Kg4 52.Kd5 h5 53.Ke4 h4 54.Nd5 Kg3 55.Ne3 g6 56.Nf1+ Kg2 57.Ne3+ Kg3
58.Nf1+ Kg2 59.Ne3+ Kg3 60.Nf1+  1/2-1/2

[Event "Moscow Open A 2012"]
[Site "Moscow RUS"]
[Date "2012.02.04"]
[Round "8"]
[White "Bu Xiangzhi"]
[Black "Deviatkin,A"]
[Result "1/2-1/2"]
[WhiteElo "2670"]
[BlackElo "2574"]

1.d4 d5 2.c4 c6 3.Nf3 Nf6 4.Nc3 dxc4 5.a4 Bf5 6.Ne5 Nbd7 7.Nxc4 Nb6 8.Ne5 a5
9.e3 Nbd7 10.Nc4 Qc7 11.Qf3 Be6 12.Bd2 Bxc4 13.Bxc4 e5 14.Rc1 Bb4 15.O-O O-O
16.Rfd1 Nb6 17.Bb3 exd4 18.exd4 Qd7 19.Bf4 Rad8 20.Be5 Ng4 21.Ne4 Nd5 22.Bg3 Ngf6
23.Nc5 Qe7 24.Bh4 Rfe8 25.h3 h6 26.Bc2 Qe2 27.Qxe2 Rxe2 28.Kf1 Re7 29.Bb3 g5
30.Bg3 Bxc5 31.dxc5 Ne4 32.Bd6 Nxd6 33.Bxd5 Red7 34.cxd6 cxd5 35.Rxd5 Rxd6
36.Rxa5 Rd2 37.Rb5 Re8 38.g3 Re6 39.Re1 Rc6 40.Re7 Rf6 41.Re2 Rd1+ 42.Kg2 b6
43.Re3 Kg7 44.Rf3 Rc6 45.Rfb3 Rdd6 46.Rc3 Rxc3 47.bxc3 Rc6 48.Rb3 h5 49.Kf3 Rc4
50.Ke3 h4 51.Kd3 Rxa4 52.Rxb6 g4 53.hxg4 hxg3 54.fxg3  1/2-1/2

[Event "TCh-LTU 2012"]
[Site "Lithuania LTU"]
[Date "2012.02.11"]
[Round "4.1"]
[White "Kaunas,K"]
[Black "Vaznonis,V"]
[Result "0-1"]
[WhiteElo "2254"]
[BlackElo "2387"]

1.d4 d5 2.c4 c6 3.Nf3 Nf6 4.Nc3 dxc4 5.a4 Bf5 6.Ne5 Nbd7 7.Nxc4 Qc7 8.g3 e5
9.dxe5 Nxe5 10.Bf4 Nfd7 11.Bg2 g5 12.Ne3 gxf4 13.Nxf5 fxg3 14.hxg3 O-O-O
15.Qc2 Bb4 16.O-O a5 17.Rac1 Nc5 18.Ne4 Nxe4 19.Qxe4 Rd2 20.Nd4 Rd8 21.Nf3 Nxf3+
22.Bxf3 Rxb2 23.Kg2 h6 24.Rc4 Rbd2 25.Rh1 Bf8 26.Rh5 Rb2 27.Qf5+ Kb8 28.Qxa5 Qxa5
29.Rxa5 c5 30.Rf4 Rd7 31.Bh5 Bd6 32.Re4 Re7 33.Rxe7 Bxe7 34.Rb5 Rxb5 35.axb5 f6
36.Kf3 Kc7 37.Ke4 Kb6 38.Be8 Ka5 39.Kd5 Kb4 40.Ke6 Bd8 41.Kd7 Ba5 42.Ke7 c4
43.Kxf6 c3 44.Bg6 Kxb5 45.Bd3+ Kc5 46.Ke7 b5 47.f4 b4 48.f5 b3 49.f6 Bb4  0-1

[Event "4th Coral Colon IM"]
[Site "Sabadell ESP"]
[Date "2012.02.17"]
[Round "2"]
[White "Rojas Keim,L"]
[Black "Tallo Dominguez,I"]
[Result "1-0"]
[WhiteElo "2418"]
[BlackElo "2170"]

1.d4 d5 2.c4 c6 3.Nf3 Nf6 4.Nc3 dxc4 5.a4 Bf5 6.e3 e6 7.Bxc4 Bb4 8.O-O O-O
9.Qe2 Nbd7 10.Ne5 Nxe5 11.dxe5 Ne4 12.Na2 Be7 13.b4 b5 14.axb5 cxb5 15.Bxb5 Rc8
16.Rd1 Qb6 17.f3 Nc3 18.Nxc3 Rxc3 19.Ra6 Qc7 20.Bd2 Rc2 21.e4 Bg6 22.Ba4 Rb2
23.Qe1 Rd8 24.Rc6 Qb8 25.Bc3 Ra2 26.Rxd8+ Bxd8 27.Qd1 h5 28.Bb3 Bb6+ 29.Kh1 Rf2
30.Bc4 Qb7 31.b5 a6 32.Rxb6 Qxb6 33.bxa6 Qc6 34.Qd4 Rc2 35.h3 f6 36.a7 fxe5
37.a8=Q+  1-0

[Event "ch-BUCA 2012"]
[Site "High Wycombe ENG"]
[Date "2012.02.25"]
[Round "1"]
[White "Foord,D"]
[Black "Siddharth,Gopakumar"]
[Result "1-0"]
[WhiteElo "2039"]
[BlackElo "2054"]

1.d4 d5 2.c4 c6 3.Nc3 Nf6 4.Nf3 dxc4 5.a4 Bf5 6.e3 e6 7.Bxc4 Bb4 8.O-O Nbd7
9.Ne1 Nd5 10.Qb3 Qa5 11.e4 Bxc3 12.bxc3 Bxe4 13.Qxb7 Rb8 14.Qxc6 Qxc3 15.Ba3 Nb4
16.Qxe4 Qxc4 17.Nf3 O-O 18.Rac1 Qb3 19.Bxb4 Qxb4 20.Qc6 Nb6 21.Rb1 Qxa4 22.Rxb6 Qxc6
23.Rxc6 a5 24.Ra6 Ra8 25.Rxa8 Rxa8 26.Ra1 Kf8 27.Kf1 Ke7 28.Ke2 Kd6 29.Kd3 Kd5
30.Ne5 a4 31.f3 f6 32.Nc4 Ra6 33.Rxa4 Rxa4 34.Nb6+ Kd6 35.Nxa4 e5 36.Nc3 f5
37.dxe5+ Kxe5 38.g3 g5 39.Ne2 h5 40.f4+ gxf4 41.gxf4+ Kf6 42.h4 Ke6 43.Ng3  1-0

[Event "ch-Moscow S/F 2012"]
[Site "Moscow RUS"]
[Date "2012.02.27"]
[Round "2"]
[White "Yudkevich,M"]
[Black "Pak,Alexander"]
[Result "0-1"]
[WhiteElo "2200"]
[BlackElo "2078"]

1.d4 d5 2.c4 c6 3.Nf3 Nf6 4.Nc3 dxc4 5.a4 Bf5 6.Ne5 Nbd7 7.Nxc4 Nb6 8.Ne5 a5
9.e3 g6 10.Bd3 Bxd3 11.Nxd3 Bg7 12.O-O O-O 13.Qe2 Nbd5 14.Rd1 Nxc3 15.bxc3 Ne4
16.Qe1 Qc7 17.f3 Nd6 18.e4 Nc4 19.e5 c5 20.Qe4 cxd4 21.cxd4 Rfd8 22.Bf4 Qc6
23.Qxc6 bxc6 24.Nc5 Nb6 25.Kf2 Nd5 26.Bd2 Nc7 27.Bc3 Rd5 28.Rab1 Bxe5 29.Nb7 Bf6
30.Rb6 c5 31.Nxc5 Rxc5 32.dxc5 Bxc3 33.Ke2 Bb4 34.c6 Bd6 35.Rb7 Ne6 36.Ke3 Rc8
37.Rc1 Bf4+ 38.Ke2  0-1

[Event "PriFO Champ RUS 2012"]
[Site "Tolyatti RUS"]
[Date "2012.02.28"]
[Round "2.18"]
[White "Gorozhanin,M"]
[Black "Pushin,V"]
[Result "0-1"]
[WhiteElo "2252"]
[BlackElo "2375"]

1.d4 Nf6 2.c4 c6 3.Nc3 d5 4.Nf3 dxc4 5.a4 Bf5 6.Ne5 e6 7.f3 Bb4 8.e4 Bg6
9.Bxc4 Nbd7 10.Nxd7 Nxd7 11.O-O a5 12.Be3 O-O 13.Qb3 e5 14.dxe5 Nxe5 15.Rad1 Qe7
16.Be2 Nd7 17.Kh1 Kh8 18.g4 f6 19.Rd2 Nc5 20.Qc2 Bf7 21.Rfd1 Rad8 22.Kg2 Rxd2
23.Rxd2 Rd8 24.Rxd8+ Qxd8 25.Na2 Bb3 26.Qc1 Nxa4 27.Nxb4 axb4 28.h4 h6 29.g5 hxg5
30.hxg5 fxg5 31.Qh1+ Kg8 32.Qc1 Qf6 33.Bc4+ Bxc4 34.Qxc4+ Kh7 35.Bd4 Nxb2
36.Qxb4 Nd3 37.Qc4 Nf4+ 38.Kf2 Qh6 39.Qf1 Qh2+ 40.Ke3 Qc2 41.Qh1+ Kg8 42.Be5 Qe2+
43.Kd4 Qd3+ 44.Kc5 Ne6+ 45.Kb6 Qb5+ 46.Ka7 Qxe5  0-1

[Event "TCh-CAT 2012"]
[Site "Catalunya ESP"]
[Date "2012.03.03"]
[Round "6.5"]
[White "Casanellas Ruano,L"]
[Black "Gual Pascual,A"]
[Result "0-1"]
[WhiteElo "2208"]
[BlackElo "2437"]

1.d4 d5 2.Nf3 Nf6 3.c4 c6 4.Nc3 dxc4 5.a4 Bf5 6.e3 e6 7.Bxc4 Bb4 8.O-O O-O
9.Qb3 Qe7 10.Bd2 a5 11.h3 Nbd7 12.Ne2 Ne4 13.Bxb4 Qxb4 14.Qxb4 axb4 15.Rfd1 Ra5
16.b3 Nd6 17.Rac1 h6 18.Nf4 g5 19.Nd3 Nxc4 20.Rxc4 Bxd3 21.Rxd3 b5 22.axb5 cxb5
23.Rc7 Ra1+ 24.Kh2 Nf6 25.Ne5 Ra2 26.f3 Nd5 27.Rc5 Re2 28.Rxb5 Ra8 29.Rd1 Raa2
30.Nc4 Rxg2+ 31.Kh1 Nc3 32.Rb8+ Kg7 33.Re1 Rh2+ 34.Kg1 Rag2+ 35.Kf1 Rf2+
36.Kg1 Ne2+ 37.Rxe2 Rxe2 38.Rxb4 Reg2+ 39.Kf1 Ra2  0-1

[Event "TCh-LTU 2012"]
[Site "Lithuania LTU"]
[Date "2012.03.03"]
[Round "6"]
[White "Solys,L"]
[Black "Velioniskis,R"]
[Result "1/2-1/2"]
[WhiteElo "2335"]
[BlackElo "1953"]

1.d4 d5 2.c4 c6 3.Nf3 Nf6 4.Nc3 dxc4 5.a4 Bf5 6.Ne5 e6 7.f3 c5 8.dxc5 Qxd1+
9.Nxd1 Bxc5 10.e4 Bg6 11.Bxc4 Nfd7 12.Nxd7 Nxd7 13.Be3 Rc8 14.Rc1 Ke7 15.Ke2 Rhd8
16.Bb5 Bxe3 17.Rxc8 Rxc8 18.Bxd7 Kxd7 19.Nxe3 f6 20.Rd1+ Ke7 21.Rd4 Be8 22.Rb4 Rc7
23.b3 b5 24.axb5 Rb7 25.Kd2 a5 26.Ra4 Rxb5 27.Ra3 a4 28.bxa4 Ra5 29.Nc4 Rxa4
30.Rxa4 Bxa4 31.e5 Bb5 32.exf6+ gxf6 33.Nb2 e5 34.Ke3 Ke6 35.Nd1 Bc6 36.Nc3 Kf5
37.g3  1/2-1/2

[Event "TCh-CZE Extraliga 2011-12"]
[Site "Czech Republic CZE"]
[Date "2012.03.04"]
[Round "8.3"]
[White "Hracek,Z"]
[Black "Cerveny,M"]
[Result "1-0"]
[WhiteElo "2624"]
[BlackElo "2347"]

1.c4 Nf6 2.d4 c6 3.Nf3 d5 4.Nc3 dxc4 5.a4 Bf5 6.Nh4 Bc8 7.e3 e5 8.Bxc4 exd4
9.exd4 Be7 10.O-O O-O 11.Re1 Na6 12.Nf3 Nc7 13.Qb3 a5 14.Bg5 Be6 15.Bxe6 Nxe6
16.Qxb7 Rb8 17.Qxc6 Nxg5 18.Nxg5 Rxb2 19.Nb5 Bb4 20.Rf1 Nd5 21.Nf3 Nf4 22.g3 Nd5
23.Ne5 Rd2 24.Rad1 Rxd1 25.Rxd1 Qa8 26.Rc1 Qxc6 27.Rxc6 Rd8 28.Kf1 f6 29.Nd3 Ne7
30.Rc7 Nd5 31.Rc6 Ne7 32.Rc1 Nf5 33.Rc4 Nd6 34.Nxd6 Bxd6 35.Ke2 Kf7 36.Rc6 Ke6
37.Ra6 Kd5 38.Rxa5+ Kxd4 39.Ra7 g5 40.Rxh7 Kc3 41.Ne1 Re8+ 42.Kf1 Ra8 43.Rf7 Be5
44.Nf3 g4 45.Nxe5 fxe5 46.Rf5 Kd4 47.Rg5 e4 48.a5 Kd3 49.Kg2 Rb8 50.Rxg4 Rb2
51.Rf4 Ra2 52.Rf5 Kd4 53.Kh3 Kd3 54.g4  1-0

[Event "2nd HD Bank Cup 2012"]
[Site "Ho Chi Minh City VIE"]
[Date "2012.03.04"]
[Round "4.1"]
[White "Gomez,Joh"]
[Black "Paragua,M"]
[Result "1/2-1/2"]
[WhiteElo "2512"]
[BlackElo "2519"]

1.d4 d5 2.c4 c6 3.Nf3 Nf6 4.Nc3 dxc4 5.a4 Bf5 6.e3 e6 7.Bxc4 Nbd7 8.O-O Bb4
9.Qe2 O-O 10.e4 Bg6 11.Bd3 Bh5 12.e5 Nd5 13.Nxd5 cxd5 14.Qe3 Be7 15.Ng5 Bg6
16.Bxg6 hxg6 17.h4 Nb8 18.Bd2 Nc6 19.a5 a6 20.Rfc1 Rc8 21.g3 Qd7 22.Kg2 Nb4
23.Qb3 Qb5 24.Rxc8 Rxc8 25.Nf3 Nc6 26.Qxb5 axb5 27.Kf1 Kf8 28.Ke2 Ke8 29.Kd3 Kd7
30.Ne1 Bb4 31.Nc2 Bxd2 32.Kxd2  1/2-1/2

[Event "32nd TCh-IND w 2012"]
[Site "Panaji IND"]
[Date "2012.03.04"]
[Round "7"]
[White "Sachdev,T"]
[Black "Bindu,S"]
[Result "1-0"]
[WhiteElo "2411"]
[BlackElo "1884"]

1.d4 d5 2.c4 c6 3.Nf3 Nf6 4.Nc3 dxc4 5.a4 Bf5 6.Ne5 Nbd7 7.Nxc4 Qc7 8.g3 e5
9.dxe5 Nxe5 10.Bf4 Nfd7 11.Bg2 f6 12.O-O g5 13.Nxe5 Nxe5 14.Bxe5 Qxe5 15.a5 a6
16.Qb3 Rb8 17.Ra4 Be6 18.Qc2 Kf7 19.f4 Qc5+ 20.Kh1 h6 21.fxg5 f5 22.Raf4 Kg7
23.Rxf5 Bxf5 24.Rxf5 Qe7 25.g6 Qe6 26.Rf7+ Kg8 27.Bh3 Qc4 28.Ne4 Qd5 29.Be6 Qxe6
30.Nf6+ Qxf6 31.Rxf6 Kg7 32.Rf7+ Kg8 33.Qc4  1-0

[Event "2nd HD Bank Cup 2012"]
[Site "Ho Chi Minh City VIE"]
[Date "2012.03.05"]
[Round "6.8"]
[White "Xiu Deshun"]
[Black "Torre,E"]
[Result "1/2-1/2"]
[WhiteElo "2492"]
[BlackElo "2502"]

1.Nf3 Nf6 2.c4 c6 3.d4 d5 4.Nc3 dxc4 5.a4 Bf5 6.Ne5 Na6 7.e3 Nb4 8.Bxc4 e6
9.O-O Be7 10.Qe2 h6 11.e4 Bh7 12.Rd1 O-O 13.Bf4 Bd6 14.Qf3 Qe7 15.Qg3 Nh5
16.Nxc6 Qf6 17.Bxd6 Nxg3 18.Be7 Qf4 19.hxg3 Qc7 20.Bxb4 bxc6 21.e5 Qb6 22.Ba3 Rfd8
23.a5 Qxa5 24.Bc5 Qc7 25.Ra6 Rd7 26.b4 Bf5 27.Be2 Rb8 28.b5 cxb5 29.Bxb5 Rxb5
30.Nxb5 Qb7 31.Ra5 Be4 32.Nd6 Qb3 33.Rda1 Bc6 34.Rxa7 Rxa7 35.Rxa7 f6 36.exf6 gxf6
37.Nc8 Qd5 38.Kh2 Qh5+ 39.Kg1 Qd1+  1/2-1/2

[Event "PriFO Champ RUS 2012"]
[Site "Tolyatti RUS"]
[Date "2012.03.05"]
[Round "8.5"]
[White "Shinkevich,V"]
[Black "Dimukhametov,A"]
[Result "1-0"]
[WhiteElo "2498"]
[BlackElo "2327"]

1.d4 d5 2.c4 c6 3.Nf3 Nf6 4.Nc3 dxc4 5.a4 Bf5 6.Ne5 e6 7.f3 Bb4 8.e4 Nxe4
9.fxe4 Qh4+ 10.Ke2 Bxe4 11.Nxe4 Qxe4+ 12.Be3 b5 13.Kf2 f6 14.Nf3 Nd7 15.b3 Nb6
16.bxc4 bxc4 17.Qb1 Qxb1 18.Rxb1 a5 19.Bd2 c5 20.dxc5 Bxc5+ 21.Be3 Bxe3+
22.Kxe3 Rb8 23.Be2 O-O 24.Nd4 c3 25.Bb5 Nd5+ 26.Ke4 c2 27.Rb3 Rfc8 28.Rc1 Nb4
29.Bd7 Rc5 30.Rxc2 Re5+ 31.Kf3 Rd8 32.Rc7 Kf7 33.Bxe6+ Kg6 34.Rd7 Rxd7 35.Bxd7 Rd5
36.Be8+ Kg5 37.Nc6 Rf5+ 38.Kg3  1-0

[Event "2nd HD Bank Cup 2012"]
[Site "Ho Chi Minh City VIE"]
[Date "2012.03.06"]
[Round "7.6"]
[White "Li Shilong"]
[Black "Barbosa,O PHI"]
[Result "1-0"]
[WhiteElo "2549"]
[BlackElo "2585"]

1.d4 d5 2.c4 c6 3.Nf3 Nf6 4.Nc3 dxc4 5.a4 Bf5 6.Ne5 Nbd7 7.Nxc4 Nb6 8.Ne5 a5
9.e3 g6 10.Bd3 Be6 11.O-O Bg7 12.f4 O-O 13.f5 Bxf5 14.Bxf5 gxf5 15.Rxf5 Nbd7
16.Nf3 Qb6 17.Ra3 Rfe8 18.Rb3 Qc7 19.e4 Nf8 20.e5 Nd5 21.Ne4 f6 22.Rh5 fxe5
23.Nxe5 Bxe5 24.dxe5 Kh8 25.Rg3 Qd7 26.Qf3 e6 27.Nf6 Qf7 28.Nxh7 Qxh5 29.Qxh5 Nxh7
30.Bg5 Rg8 31.Rh3  1-0

[Event "TCh-SVK Extraliga 2011-12"]
[Site "Slovakia SVK"]
[Date "2012.03.09"]
[Round "9.4"]
[White "Kantorik,M"]
[Black "Straka,Joz"]
[Result "1/2-1/2"]
[WhiteElo "2320"]
[BlackElo "1993"]

1.d4 d5 2.c4 c6 3.Nf3 Nf6 4.Nc3 dxc4 5.a4 Bf5 6.Ne5 Nbd7 7.Nxc4 Nb6 8.Ne5 a5
9.f3 Nfd7 10.Nxd7 Nxd7 11.e4 Bg6 12.Be3 e6 13.Be2 Bb4 14.O-O O-O 15.Qb3 Qc7
16.Rac1 Rad8 17.Kh1 Qb8 18.Rfd1 Rfe8 19.Bc4 Nb6 20.Be2 Nd7 21.Bc4 Nb6 22.Bd3 Nd7
23.Bf1 Kh8 24.Bc4 Nb6 25.Be2 Nd7 26.Bc4 Nb6 27.Be2 Nd7 28.Bc4 Nb6  1/2-1/2

[Event "TCh-SVK Extraliga 2011-12"]
[Site "Slovakia SVK"]
[Date "2012.03.10"]
[Round "10.4"]
[White "Kantorik,M"]
[Black "Varga,Dav"]
[Result "1/2-1/2"]
[WhiteElo "2320"]
[BlackElo "2355"]

1.d4 Nf6 2.c4 c6 3.Nf3 d5 4.Nc3 dxc4 5.a4 Bf5 6.Ne5 e6 7.Nxc4 c5 8.dxc5 Qxd1+
9.Nxd1 Bxc5 10.f3 Nc6 11.e4 Nd4 12.Rb1 Nc2+ 13.Kd2 Nxe4+ 14.fxe4 O-O-O+ 15.Kxc2 Bxe4+
16.Kc3 Rxd1 17.Be3 Bxb1 18.Bxc5 Rhd8 19.Rg1 Rc1+ 20.Kb4 a5+ 21.Kb5 Rdd1 22.Ne3 Re1
23.Bb6 f5 24.g3 Be4 25.Kxa5 Kb8 26.Kb4 e5 27.a5 g5 28.h4 g4 29.h5 Bf3 30.Bc5 Kc8
31.a6 b6 32.Bxb6 f4 33.Nxg4 Rxf1 34.Rxf1 Rxf1 35.Nh2 Ra1 36.Nxf3 e4 37.Ng5 Rxa6
38.Bc5 fxg3 39.Nxe4 g2 40.Ng5 Rh6 41.Nf3 Rxh5 42.Kc4 Rf5 43.Ng1 Kd7 44.b4 Ke6
45.b5 h5 46.b6 Rf7 47.Kd4 Kd7 48.Ke4 Kc6 49.Be3 h4 50.Nh3 Rf1 51.Ng1 Kd6
52.Bf4+ Kc6 53.Be3 Rf8 54.Nh3 Rg8 55.Bf2 Rg7 56.Kf3 Kd5 57.Ng1 Ke6  1/2-1/2

[Event "29th Ciocaltea Mem"]
[Site "Bucharest ROU"]
[Date "2012.03.11"]
[Round "10"]
[White "Shishkin,Va UKR"]
[Black "Murariu,A"]
[Result "1-0"]
[WhiteElo "2464"]
[BlackElo "2501"]

1.d4 d5 2.c4 c6 3.Nc3 Nf6 4.Nf3 dxc4 5.a4 Bf5 6.e3 e6 7.Bxc4 Bb4 8.O-O O-O
9.Nh4 Bg6 10.Nxg6 hxg6 11.h3 a5 12.Qc2 Nbd7 13.Rd1 Qe7 14.e4 e5 15.d5 cxd5
16.exd5 Rac8 17.Bb3 Ne8 18.d6 Nxd6 19.Qxg6 Qf6 20.Qg4 Bxc3 21.bxc3 Nc5 22.Bc2 Rfe8
23.Rb1 Rc6 24.Be3 Qe6 25.Qxe6 Nxe6 26.Bb3 Ne4 27.Bxe6 Rcxe6 28.Rxb7 Nxc3
29.Rdd7 Rf6 30.Rdc7 Ne2+ 31.Kh2 Nd4 32.Ra7 Nc6 33.Ra6 Ree6 34.h4 e4 35.Bg5 Rg6
36.Ra8+  1-0

[Event "ch-Moscow Final 2012"]
[Site "Moscow RUS"]
[Date "2012.03.12"]
[Round "3"]
[White "Ageichenko,G"]
[Black "Tarasov,O"]
[Result "1/2-1/2"]
[WhiteElo "2347"]
[BlackElo "2276"]

1.d4 d5 2.c4 c6 3.Nc3 Nf6 4.Nf3 dxc4 5.a4 Bf5 6.Nh4 Bg4 7.h3 Bh5 8.g4 Bg6
9.Nxg6 hxg6 10.e4 e5 11.g5 exd4 12.Bxc4 Na6 13.Qb3 Qd7 14.Bxa6 bxa6 15.gxf6 dxc3
16.Qxc3 Qe6 17.Be3 gxf6 18.Rc1 c5 19.Qc4 Rb8 20.Qxe6+ fxe6 21.Bxc5 Rxb2 22.Bxf8 Kxf8
23.O-O Rxh3 24.Rc7 Rhb3 25.Rxa7 Rb1 26.Rxa6 Ke7 27.a5 g5 28.Ra8 Rxf1+ 29.Kxf1 Ra3
30.Ra6 g4 31.Kg2 Kf7 32.Ra8 Kg7 33.a6 f5 34.e5 f4 35.Kf1 Ra1+ 36.Kg2 Ra2
37.Kg1 Ra1+  1/2-1/2

[Event "European Ind w Rapid 2012"]
[Site "Gaziantep TUR"]
[Date "2012.03.16"]
[Round "7"]
[White "Gunina,V"]
[Black "Guramishvili,S"]
[Result "1-0"]
[WhiteElo "2511"]
[BlackElo "2395"]

1.d4 d5 2.c4 c6 3.Nf3 Nf6 4.Nc3 dxc4 5.a4 Bf5 6.Ne5 Nbd7 7.Nxc4 Qc7 8.g3 e6
9.d5 Ne5 10.Bf4 Nfd7 11.Bg2 g5 12.Ne3 gxf4 13.Nxf5 O-O-O 14.Qc2 Nc5 15.O-O fxg3
16.hxg3 a5 17.Ne4 Nxe4 18.Qxe4 h5 19.Rad1 Bc5 20.Bh3 Kb8 21.Kg2 Rdg8 22.Rc1 Bb6
23.Rfd1 Ng4 24.e3 Re8 25.Qc4 Ne5 26.Qh4 Ng6 27.Qf6 h4 28.Nd6 Ref8 29.g4 Qe7
30.Qf5 Bc7 31.Nxb7 Kxb7 32.Rxc6  1-0

[Event "e2e4 High Wycombe Open"]
[Site "High Wycombe ENG"]
[Date "2012.03.16"]
[Round "1"]
[White "Arkell,K"]
[Black "Grigoryan,Meri"]
[Result "1-0"]
[WhiteElo "2414"]
[BlackElo "2020"]

1.d4 d5 2.c4 c6 3.Nf3 Nf6 4.Nc3 dxc4 5.a4 Bf5 6.Nh4 Bc8 7.e3 e6 8.Nf3 Bb4
9.Bxc4 O-O 10.O-O Nbd7 11.Qc2 Qc7 12.Bd2 a5 13.Rac1 b6 14.Bd3 Bb7 15.e4 g6
16.e5 Bxc3 17.bxc3 Nh5 18.Bh6 Ng7 19.Ng5 c5 20.Qd2 Rfd8 21.Qf4 Nxe5 22.Bb1 Nh5
23.Qxe5 Qxe5 24.dxe5 Nf4 25.Rfe1 Nxg2 26.Re2 Nf4 27.Re3 Ba6 28.Nxf7 Ne2+
29.Rxe2 Bxe2 30.Nxd8 Rxd8 31.Be4 Kf7 32.f3  1-0

[Event "TCh-CAT 2012"]
[Site "Catalunya ESP"]
[Date "2012.03.17"]
[Round "8.6"]
[White "Gual Pascual,A"]
[Black "Alonso Moyano,J"]
[Result "1-0"]
[WhiteElo "2437"]
[BlackElo "2396"]

1.d4 d5 2.c4 c6 3.Nf3 Nf6 4.Nc3 dxc4 5.a4 Bf5 6.Ne5 e6 7.f3 Bb4 8.Bg5 c5
9.dxc5 Qa5 10.Nxc4 Bxc3+ 11.bxc3 Qxc3+ 12.Nd2 Bc2 13.Qc1 Nc6 14.Ra3 Qxc5
15.Bxf6 gxf6 16.Qb2 Bg6 17.Qxf6 O-O 18.Rc3 Qe5 19.Qxe5 Nxe5 20.f4 Nc6 21.e4 Rfd8
22.g4 f6 23.Bc4 Rd6 24.e5 fxe5 25.f5 Bf7 26.fxe6 Bg6 27.Nf3 Kg7 28.O-O Rf8
29.Nh4 Rxf1+ 30.Kxf1 Rd1+ 31.Ke2 Rh1 32.Nxg6 Rxh2+ 33.Kf1 Kxg6 34.Rf3 e4
35.Rf7 Rc2 36.Bd5 Kg5 37.e7 Nxe7 38.Rxe7 Kxg4 39.Bxb7 a5 40.Rxe4+ Kg3 41.Re5 Rc7
42.Ba6 Rf7+ 43.Ke2 Ra7 44.Bd3 Kg4 45.Ke3 h6 46.Be2+ Kg3 47.Re6 Rh7 48.Rg6+ Kh4
49.Bd3 Re7+ 50.Kf4 h5 51.Rg1  1-0

[Event "e2e4 High Wycombe Open"]
[Site "High Wycombe ENG"]
[Date "2012.03.17"]
[Round "2"]
[White "Grigoryan,Meri"]
[Black "Shakespeare,John"]
[Result "1-0"]
[WhiteElo "2020"]
[BlackElo "1926"]

1.d4 d5 2.Nf3 Nf6 3.c4 c6 4.Nc3 dxc4 5.a4 Bf5 6.Nh4 Bg6 7.Nxg6 hxg6 8.e3 e6
9.Bxc4 Bb4 10.Bd2 a5 11.Qc2 Qe7 12.Rd1 Nbd7 13.e4 Nb6 14.Be2 O-O 15.e5 Nfd5
16.h4 f5 17.Bg5 Bxc3+ 18.bxc3 Qa3 19.Rd3 Kf7 20.h5 Qa1+ 21.Bd1 gxh5 22.O-O g6
23.Qb3 Rfc8 24.Bc2 Qxa4 25.Qxa4 Nxa4 26.Bxa4 b5 27.Bb3 Nb6 28.Rc1 Rab8 29.Ra1 Ra8
30.Be3 Nd7 31.f4 Ra6 32.Rdd1 Ke7 33.Bc1 Nb6 34.Ba3+ Kd7 35.Bc5 Nd5 36.Bxd5 cxd5
37.Ra3 Kc6 38.Rda1 Rca8 39.Kf2 a4 40.Kg3 b4 41.cxb4 Kb5 42.Rc1 Rc6 43.Kh4 Rac8
44.Kg5 R6c7 45.Rca1  1-0

[Event "TCh-AUT 2 Ost 2011-12"]
[Site "Vienna AUT"]
[Date "2012.03.17"]
[Round "8"]
[White "Erdos,V"]
[Black "Videki,S"]
[Result "1-0"]
[WhiteElo "2608"]
[BlackElo "2441"]

1.d4 d5 2.Nf3 Nf6 3.c4 c6 4.Nc3 dxc4 5.a4 Bf5 6.Ne5 Nbd7 7.Nxc4 Qc7 8.Qd2 Be6
9.e4 Bxc4 10.Bxc4 e5 11.dxe5 Nxe5 12.Be2 Bc5 13.O-O O-O 14.g3 Rad8 15.Qc2 Qd6
16.Kg2 Nd3 17.f4 Nxc1 18.Raxc1 Qd2 19.Rfd1 Qxc2 20.Rxc2 Rxd1 21.Nxd1 Bb6
22.Kf3 Rd8 23.b4 Rd4 24.a5 Bd8 25.a6 Rxb4 26.axb7 Rxb7 27.e5 Rb3+ 28.Kg2 Nd7
29.Rd2  1-0

[Event "TCh-CZE Liga 1 Zapad"]
[Site "Czech Rep CZE"]
[Date "2012.03.18"]
[Round "10.4"]
[White "Moravec,M"]
[Black "Varga,Dav"]
[Result "0-1"]
[WhiteElo "2296"]
[BlackElo "2355"]

1.d4 Nf6 2.Nf3 d5 3.c4 c6 4.Nc3 dxc4 5.a4 Bf5 6.Ne5 e6 7.a5 Bb4 8.Qa4 Na6
9.e3 Ne4 10.Bd2 Nxd2 11.Kxd2 O-O 12.Bxc4 c5 13.Bxa6 cxd4 14.Ke2 dxc3 15.Bxb7 Qd2+
16.Kf3 cxb2 17.Rad1 Qc3 18.Bxa8 Bc2 19.Qb5 Bxd1+ 20.Rxd1 Rxa8 21.a6 f6 22.Qb7 Rf8
23.Nc6 Qc2 24.Qxb4 Qxd1+  0-1

[Event "TCh-CZE Liga1 Vychod"]
[Site "Czech Rep CZE"]
[Date "2012.03.18"]
[Round "10"]
[White "Hudecek,J"]
[Black "Olsar,J"]
[Result "0-1"]
[WhiteElo "2238"]
[BlackElo "2231"]

1.d4 d5 2.Nf3 Nf6 3.c4 c6 4.Nc3 dxc4 5.a4 Bf5 6.Ne5 Nbd7 7.Nxc4 Nb6 8.Ne5 a5
9.g3 Nfd7 10.Nd3 e6 11.e4 Bg6 12.Nf4 Bb4 13.Bg2 e5 14.Nxg6 hxg6 15.d5 Qe7
16.O-O O-O 17.Qe2 Rfd8 18.Rd1 Rac8 19.Be3 Nc5 20.Bh3 Ra8 21.Qc2 Nc4 22.Bc1 Nd6
23.Bg2 Na6 24.Bf1 Bc5 25.Bxa6 Rxa6 26.Be3 Bxe3 27.fxe3 Nc4 28.Rd3 Raa8 29.b3 Nb6
30.Rad1 Qc5 31.dxc6 Rxd3 32.Rxd3 bxc6 33.Qd2 Qb4 34.Rd8+ Kh7 35.Rxa8 Nxa8
36.Qd8 f6 37.Qxa8 Qxc3 38.Kf2 Qd2+ 39.Kf3 Qd1+ 40.Kf2 Qc2+ 41.Kf3 f5 42.exf5 Qxf5+
43.Ke2 e4 44.Qa7 Qd5 45.Ke1 Qxb3 46.Qxa5 Qxe3+ 47.Kf1 Kh6 48.Qd8 g5 49.Qd1 Qc3
50.g4  0-1

[Event "e2e4 High Wycombe Open"]
[Site "High Wycombe ENG"]
[Date "2012.03.18"]
[Round "5"]
[White "Arkell,K"]
[Black "Jones,RS"]
[Result "1-0"]
[WhiteElo "2414"]
[BlackElo "2395"]

1.d4 d5 2.Nf3 Nf6 3.c4 c6 4.Nc3 dxc4 5.a4 Bf5 6.Nh4 Bd7 7.Nf3 Bf5 8.Nh4 Bd7
9.Nf3 e6 10.e3 b5 11.Ne5 a5 12.Be2 Bd6 13.Bf3 Ra7 14.e4 Bxe5 15.dxe5 Ng8
16.Be3 Rb7 17.Qd6 Ne7 18.Bg5 b4 19.Nd1 Nc8 20.Bxd8 Nxd6 21.Bh4 Nc8 22.Ne3 Nb6
23.Be2 c5 24.Nxc4 Nxc4 25.Bxc4 Nc6 26.f4 Nd4 27.O-O Bc6 28.Bf2 O-O 29.Bxd4 cxd4
30.Bd3 Rbb8 31.Rfc1 Bd7 32.Rc5 Ra8 33.b3 Rfc8 34.Rac1 Kf8 35.Kf2 Rxc5 36.Rxc5 Rc8
37.Rxa5 Rc3 38.Bb5 Bxb5 39.axb5 Ke8 40.b6 Kd7 41.Rb5 Kc8 42.Rxb4 Rc2+ 43.Kf3 d3
44.Rc4+ Kb7 45.Rc7+ Kxb6 46.Rxf7 d2 47.Rd7 Kc5 48.f5 exf5 49.exf5 Kc6 50.e6 Rb2
51.Ke2 d1=Q+ 52.Kxd1 Rxg2 53.Rd8  1-0

[Event "TCh-SUI National A 2012"]
[Site "Switzerland SUI"]
[Date "2012.03.18"]
[Round "1.8"]
[White "Pedrini,P"]
[Black "Good,D"]
[Result "0-1"]
[WhiteElo "1966"]
[BlackElo "2201"]

1.d4 d5 2.c4 c6 3.Nc3 Nf6 4.Nf3 dxc4 5.a4 Bf5 6.e3 e6 7.Bxc4 Bb4 8.O-O O-O
9.Qe2 Bg4 10.h3 Bh5 11.Rd1 Nbd7 12.Bd3 Qa5 13.g4 Bg6 14.e4 Rfe8 15.e5 Nd5
16.Ne4 Qb6 17.Bc4 a6 18.Nh4 Bxe4 19.Qxe4 Nf8 20.Ng2 Rad8 21.Ne3 Rd7 22.Nc2 Be7
23.a5 Qc7 24.Ne3 Red8 25.Bxd5 cxd5 26.Qd3 Rc8 27.Bd2 Qd8 28.Bc3 Ng6 29.Ng2 Rdc7
30.f4 Qd7 31.Rf1 Qb5 32.Qd2 Nf8 33.f5 Rc4 34.f6 Bb4 35.fxg7 Ng6 36.Qf2 Qe8
37.Ne3 Be7 38.Nxc4 Rxc4 39.Qd2 Kxg7 40.b3 Rc7 41.Bb4 Bh4 42.Bd6 Rd7 43.Rac1 Qd8
44.Qb4 Bg5 45.Rc2 Be3+ 46.Kh2 Qh4 47.Qc3 Bf4+ 48.Kh1 Bg3 49.Rf3 Be1 50.Qc8 Bd2
51.Kg2 Qe1 52.Rf2 Qe4+ 53.Kf1 Qh1+ 54.Ke2 Qe1+ 55.Kf3 Qe3+ 56.Kg2 Nh4+  0-1

[Event "European Senior Teams 2012"]
[Site "Rogaska Slatina SLO"]
[Date "2012.03.27"]
[Round "1.12"]
[White "Wahlbom,M"]
[Black "Andersson,Ka"]
[Result "1-0"]
[WhiteElo "2291"]
[BlackElo "2058"]

1.d4 d5 2.c4 c6 3.Nf3 Nf6 4.Nc3 dxc4 5.a4 Bf5 6.Ne5 Nbd7 7.Nxc4 e6 8.e3 Be7
9.Be2 a6 10.a5 Qc7 11.Bf3 Bg6 12.O-O e5 13.g3 h5 14.e4 h4 15.dxe5 Nxe5 16.Bf4 Nfd7
17.Bg4 f5 18.exf5 Bf7 19.Nxe5 Nxe5 20.Re1 hxg3 21.hxg3 Bf6 22.Bxe5 Bxe5 23.Qe2 O-O-O
24.Qxe5 Rd6 25.Rad1 Bd5 26.Nxd5  1-0

[Event "ch-CHN w 2012"]
[Site "Xinghua CHN"]
[Date "2012.03.27"]
[Round "1"]
[White "Tan Zhongyi"]
[Black "Nie,X"]
[Result "1/2-1/2"]
[WhiteElo "2438"]
[BlackElo "2053"]

1.d4 d5 2.Nf3 Nf6 3.c4 c6 4.Nc3 dxc4 5.a4 Bf5 6.Ne5 Nbd7 7.Nxc4 Qc7 8.g3 e5
9.dxe5 Nxe5 10.Bf4 Nfd7 11.Bg2 g5 12.Bxe5 Nxe5 13.Qd4 f6 14.O-O-O Be7 15.Ne3 Be6
16.Qe4 Bb3 17.Rd2 Ng6 18.Nf5 Qe5 19.Nxe7 Qxe7 20.Bh3 Rd8 21.Rxd8+ Kxd8 22.Qd4+ Kc7
23.Qxa7 Qb4 24.Qe3 Ra8 25.Qd2 Qc5 26.Kb1 Rd8 27.Qe3 Qb4 28.Rc1 Kb8 29.Qe4 Rd4
30.Qe8+ Ka7 31.Bg2 Ne5 32.Bxc6 bxc6 33.Nb5+ Kb7 34.Nxd4 Qxd4 35.Qe7+ Ka6
36.Qc5 Qe4+ 37.Ka1 Qxa4+ 38.Qa3 Qxa3+ 39.bxa3  1/2-1/2